| 000 | 00523nam a22001577a 4500 | ||
|---|---|---|---|
| 999 |
_c15495 _d15495 |
||
| 003 | OSt | ||
| 008 | 180925b ||||| |||| 00| 0 eng d | ||
| 082 |
_a631.56 _bANI/DE |
||
| 100 |
_aAnila _aAnjaly M.G _aHasnath K.T _93344 |
||
| 245 | _aDevelopment of jackfruit seed coat remover | ||
| 260 |
_aThavanur _bDepartment of food and agriculture process engineering _c2018 |
||
| 300 |
_a38 _eCD |
||
| 700 |
_aGeorge Mathew (Guide) _93193 |
||
| 856 | _uhttps://drive.google.com/open?id=1dG2edxqlue5jLmL2s4AjocoP9n40G42- | ||
| 942 | _cPR | ||